Being Christian-Being Missional: (Record no. 208339)
[ view plain ]
| 000 -LEADER | |
|---|---|
| fixed length control field | 00636nam a22001817a 4500 |
| 005 - DATE AND TIME OF LATEST TRANSACTION | |
| control field | 20250110095205.0 |
| 010 ## - LCCN (DPL NO) | |
| LC control number | ENG-143298 |
| 020 ## - INTERNATIONAL STANDARD BOOK NUMBER | |
| Terms of availability | 500.00 |
| International Standard Book Number | 9788119664085 |
| 035 ## - SYSTEM CONTROL NUMBER | |
| System control number | EN-126830 |
| 037 ## - SOURCE OF ACQUISITION | |
| Source of stock number/acquisition | DBAD |
| 082 ## - DEWEY DECIMAL CLASSIFICATION NUMBER | |
| Classification number | 280.3 |
| 100 ## - MAIN ENTRY--PERSONAL NAME | |
| Personal name | Kalliath, Antony |
| 245 ## - TITLE STATEMENT | |
| Title | Being Christian-Being Missional: |
| Remainder of title | Perspectives, Paths Fostering Engaging Witness/ |
| Statement of responsibility, etc | By Antony Kalliath |
| 260 ## - PUBLICATION, DISTRIBUTION, ETC. (IMPRINT) | |
| Place of publication, distribution, etc | Bengaluru |
| Name of publisher, distributor, etc | ATC Publishers |
| Date of publication, distribution, etc | 2024 |
| 270 ## - ADDRESS | |
| City | Bengaluru |
| Address | No. 5, Nandidurga Road, benson Town Post |
| Postal code | 560046 |
| Telephone number | +91-80-25491999 |
| Electronic mail address | info@atcpublishers.com |
| 300 ## - PHYSICAL DESCRIPTION | |
| Extent | xvi,358p. |
| Dimensions | 24cm(pb) |
| 942 ## - ADDED ENTRY ELEMENTS (KOHA) | |
| Source of classification or shelving scheme | Dewey Decimal Classification |
| Item type | English Books |
| Classification part | 280.3 |
| Call number suffix | KAL |
| Withdrawn status | Lost status | Not for loan | Collection code | Home library | Current library | Date acquired | Source of acquisition | Cost, normal purchase price | Full call number | Barcode | Copy number | Cost, replacement price | Koha item type |
|---|---|---|---|---|---|---|---|---|---|---|---|---|---|
| Non-fiction | Kadipur | Kadipur | 10/01/2025 | Delivery of Books Act Division | 500.00 | 280.3 KAL | EN-126830 | 1 | 500.00 | English Books |
